| 000 | 00919nam a2200265Ia 4500 | ||
|---|---|---|---|
| 003 | OSt | ||
| 005 | 20221005104304.0 | ||
| 006 | a|||||r|||| 00| 0 | ||
| 007 | ta | ||
| 008 | 221004b |||||||| |||| 00| 0 hin d | ||
| 020 | _a8173154406 (hbk) | ||
| 024 | _a26959 | ||
| 037 |
_bGift, 16/05/2016, _cTextual |
||
| 040 |
_aCRL _cCRL _bhin |
||
| 041 |
_2hin _ahin |
||
| 082 | _aX.2'P, 152Q0 | ||
| 100 | _aजालान, बिमल | ||
| 245 | 0 | _a21 वीं सदी में भारतीय अर्थव्यवस्था | |
| 246 | _a21 vīan sadī mean bhāratīya arthavyavasthā | ||
| 260 |
_aदिल्ली _bप्रभात प्रकाशन भारत _c2010 |
||
| 300 |
_a177पृ0 _ccm. |
||
| 650 | _aअर्थशास्त्र | ||
| 942 |
_hX.2'P, 152Q0 _cTEXL _2cc |
||
| 999 |
_c1012283 _d1012283 |
||